| 000 | 00630 a2200181 4500 | ||
|---|---|---|---|
| 003 | Nust | ||
| 005 | 20170207153203.0 | ||
| 040 | _cNust | ||
| 082 | _a005.1 | ||
| 100 | _aSheikh, Umer Anwer (MSCS-3) | ||
| 245 |
_aAutonomous mobile robot _cUmer Anwar Sheikh |
||
| 260 |
_bMCS _c2002 |
||
| 300 | _a99 p. | ||
| 505 | _aIntroduction (page-1), Background (page-7), Robot design and navigation (page-18), Range detection for AGV using a rotating sonar sensor (page-30), Control logic design and implementation (page-44), Experimental results (page-71). | ||
| 538 | _aAlmirah No 73 Shelf No 1 | ||
| 650 | _aMSCS Thesis | ||
| 651 | _aMSCS-3 | ||
| 942 | _cTHS | ||
| 999 |
_c181065 _d181065 |
||